000 01245nam a2200349 i 4500
003 DO-SdBNP
005 20240520084519.0
006 a||||ar|||| 00| 0
007 ta
008 240517e1999 dr a|||| |||| 00| 0 spa d
020 _a8484009963
040 _aDO-SdBNP
_bspa
_cBNPHU
_erda
082 4 _222
_bF812m
100 _4Fraile, J.
_eautor
245 1 0 _aMatemática 1er. curso:
_bcuaderno de actividades /
_cJ. Fraile, C. Gómez, A. Palma, M. I. Peña, A. Viera; editor, María de Jesús de la Rosa Tapia y Dolores de la Rosa Tapia
264 1 _aSanto Domingo :
_bTaller,
_c1999
300 _a99 páginas :
_bilustraciones ;
_c27 cm.
336 _2rdacontent
_atexto
_btxt
337 _2rdamedia
_asin mediación
_bn
338 _2rdacarrier
_avolumen
_bnc
500 _aEducación Básica.
590 _aInventariado 2024 / MF
650 4 _aMatemática
_xEenseñanza
_930652
650 4 _aMatemáticas
_vLibros textos
_985430
700 1 _aGómez, C.
_923159
_eautor
700 1 _aPalmas, A.
_998
_eautor
700 1 _aPeña, M. I.,
_926764
_eautor
700 _aViera, A.,
_967396
_eautora
700 _aRosa Tapia, María del Jesús, de la
_983858
_eeditora
700 _aRosa Tapia, Dolores, de la,
_eeditora
_985499
942 _2ddc
_cLBS1
999 _c56695
_d56695